| 000 | 00736cam a2200289 4500 | ||
|---|---|---|---|
| 008 | 000000n2001 000 0 eng u | ||
| 020 | _a0117025496 | ||
| 035 | _a(Sirsi) u111340 | ||
| 050 | _a639.9 | ||
| 100 | _aLorton, Roger | ||
| 245 | _aA-Z of countryside law. | ||
| 250 | _a2nd ed. | ||
| 260 |
_aLondon _bStationery Office _c2001 |
||
| 300 | _axiv, 224p. ; 22cm. | ||
| 350 | _a20.00 | ||
| 520 | _aUpdated in line with the Countryside and Rights of Way Act 2000 | ||
| 650 | _aWILDLIFE | ||
| 650 | _aCONSERVATION | ||
| 650 | _aSPORTS | ||
| 650 | _aRURAL AREAS | ||
| 650 | _aRIGHTS OF WAY | ||
| 650 | _aHEDGES | ||
| 650 | _aRIVERS | ||
| 650 | _aHIGHWAYS | ||
| 690 | _aRURAL-NATURE CONSERVATION | ||
| 942 | _n0 | ||
| 999 |
_c101225 _d101225 |
||